Náklady a kalkulácie v manažérskom účtovníctve

Guardado en:
Detalles Bibliográficos
Autor principal: Poniščiaková, Oľga
Formato: Libro
Lenguaje:eslovaco
Publicado: Bratislava Iura Edition 2010
Colección:Ekonómia
Materias:
Etiquetas: Agregar Etiqueta
Sin Etiquetas, Sea el primero en etiquetar este registro!

MARC

LEADER 00000nam a2200000 4500
001 0143952
005 20240226122656.8
020 |a 978-80-8078-360-0 
041 0 |a slo 
044 |a SK 
245 1 0 |a Náklady a kalkulácie v manažérskom účtovníctve  |c Oľga Poniščiaková 
264 1 |a Bratislava  |b Iura Edition  |c 2010 
300 |a 199 s. 
490 1 |a Ekonómia 
830 0 |a Ekonómia 
610 2 0 |a účtovníctvo manažérske 
610 2 0 |a kontroling 
610 2 0 |a kalkulácia 
610 2 0 |a metóda ABC 
610 2 0 |a náklady 
610 2 0 |a riadenie 
610 2 0 |a rozhodovanie 
610 2 0 |a účtovníctvo finančné 
100 1 |a Poniščiaková, Oľga